| 000 | 00509nam a2200181Ia 4500 | ||
|---|---|---|---|
| 005 | 20250618104427.0 | ||
| 008 | 008 250516s9999 xx 000 0 eng d | ||
| 020 | _a9780300119930 | ||
| 040 |
_beng _cSDCL |
||
| 041 |
_aeng _2eng |
||
| 084 | _aV:(G:55) P4 | ||
| 100 |
_aElvin, Mark _9146403 |
||
| 245 | 0 |
_aRetreat of the elephants : _bAn environmental history of China |
|
| 260 |
_aNew Haven : _bYale University Press, _c2004. |
||
| 300 | _axxviii, 564p. | ||
| 650 | _aReference | ||
| 942 |
_cTEXL _2CC |
||
| 999 |
_c1430522 _d1430522 |
||